Normal view
MARC view
- Chummar, T M .
Entry Personal Name
001 - CONTROL NUMBER
- control field: 4565
003 - CONTROL NUMBER IDENTIFIER
- control field: OSt
005 - DATE AND TIME OF LATEST TRANSACTION
- control field: 20200604115255.0
008 - FIXED-LENGTH DATA ELEMENTS
- fixed length control field: 200604|| aca||aabn | a|a d
040 ## - CATALOGING SOURCE
- Original cataloging agency: OSt
- Transcribing agency: OSt
100 ## - HEADING--PERSONAL NAME
- Personal name: Chummar, T M .
670 ## - SOURCE DATA FOUND
- Source citation: Work cat.: (OSt)12889: Chummar, T M ., Bhasha Gadya sahithya charithram / , 1964.
